000 00603nam a2200205 i 4500
001 44653
003 ES-MaACL
005 20230906161054.0
007 t|
008 030324s1908 it ||||1| ita d
100 1 _aCimbali, Enrico.
_938840
245 1 0 _aQuestioni di Diritto /
_cEnrico Cimbali.
250 _a2ยช ed.
260 _aTorino :
_bUnione Tipografico-Editrice Torinese,
_c1908.
300 _aVI, 328 p. ;
_c25 cm.
490 1 _aOpere complete di Enrico Cimbali ;
_v5
830 0 _aOpere complete di Enrico Cimbali ;
_v5
_9182026
852 _aES-MaACL
_jA-22
999 _c44653
_d44653